The rationalists / (Record no. 121154)
[ view plain ]
| 000 -LEADER | |
|---|---|
| fixed length control field | 00926cam a2200301 a 4500 |
| 001 - CONTROL NUMBER | |
| control field | 4468776 |
| 003 - CONTROL NUMBER IDENTIFIER | |
| control field | ARRUPE |
| 005 - DATE AND TIME OF LATEST TRANSACTION | |
| control field | 20141031111225.0 |
| 008 - FIXED-LENGTH DATA ELEMENTS--GENERAL INFORMATION | |
| fixed length control field | 890608s1988 enk b 001 0 eng d |
| 020 ## - INTERNATIONAL STANDARD BOOK NUMBER | |
| International Standard Book Number | 0192192094 (cased) : |
| 020 ## - INTERNATIONAL STANDARD BOOK NUMBER | |
| International Standard Book Number | 0192891901 (pbk.) : |
| 035 ## - SYSTEM CONTROL NUMBER | |
| System control number | (OCoLC)24010508 |
| 035 ## - SYSTEM CONTROL NUMBER | |
| System control number | (OCoLC)ocm24010508 |
| 035 ## - SYSTEM CONTROL NUMBER | |
| System control number | (NNC)4468776 |
| 040 ## - CATALOGING SOURCE | |
| Original cataloging agency | Uk |
| Transcribing agency | Uk |
| Modifying agency | DLC |
| -- | NSbSU |
| -- | NjPT |
| -- | NNUT |
| 090 ## - LOCALLY ASSIGNED LC-TYPE CALL NUMBER (OCLC); LOCAL CALL NUMBER (OCLC) | |
| Classification number (OCLC) (R) ; Classification number, CALL (RLIN) (NR) | B833 |
| Local cutter number (OCLC) ; Book number/undivided call number, CALL (RLIN) | .C67 1988 |
| 300 ## - PHYSICAL DESCRIPTION | |
| Dimensions | 22 cm. |
| 100 1# - MAIN ENTRY--PERSONAL NAME | |
| Personal name | Cottingham, John, |
| Dates associated with a name | 1943- |
| 9 (RLIN) | 12308 |
| 245 14 - TITLE STATEMENT | |
| Title | The rationalists / |
| Statement of responsibility, etc | John Cottingham. |
| 260 ## - PUBLICATION, DISTRIBUTION, ETC. (IMPRINT) | |
| Place of publication, distribution, etc | Oxford (Oxfordshire) ; |
| -- | New York : |
| Name of publisher, distributor, etc | Oxford University Press, |
| Date of publication, distribution, etc | 1988. |
| 300 ## - PHYSICAL DESCRIPTION | |
| Extent | xii, 234 p. ; |
| 490 1# - SERIES STATEMENT | |
| Series statement | OPUS. History of Western philosophy ; |
| Volume number/sequential designation | 4 |
| 500 ## - GENERAL NOTE | |
| General note | Includes index. |
| 504 ## - BIBLIOGRAPHY, ETC. NOTE | |
| Bibliography, etc | Bibliography: p. [226]-229. |
| 650 #0 - SUBJECT ADDED ENTRY--TOPICAL TERM | |
| Topical term or geographic name as entry element | Rationalism. |
| 9 (RLIN) | 85 |
| 830 #0 - SERIES ADDED ENTRY--UNIFORM TITLE | |
| Uniform title | History of Western philosophy ; |
| Volume number/sequential designation | 4. |
| 9 (RLIN) | 12309 |
| 942 ## - ADDED ENTRY ELEMENTS (KOHA) | |
| Source of classification or shelving scheme | Library of Congress Classification |
| Koha item type | Monograph ( Printed materials) |
| Withdrawn status | Lost status | Source of classification or shelving scheme | Damaged status | Not for loan | Collection code | Home library | Current library | Shelving location | Date acquired | Total Checkouts | Full call number | Barcode | Date last seen | Date checked out | Price effective from | Koha item type |
|---|---|---|---|---|---|---|---|---|---|---|---|---|---|---|---|---|
| Library of Congress Classification | Main Collection | ARRUPE LIBRARY | ARRUPE LIBRARY | Main Collection | 31/10/2014 | 2 | B833.C848 | 46500003740 | 16/04/2019 | 09/04/2019 | 31/10/2014 | Monograph ( Printed materials) | ||||
| Library of Congress Classification | Main Collection | ARRUPE LIBRARY | ARRUPE LIBRARY | Main Collection | 31/10/2014 | 2 | B833.C848 | 46500003741 | 19/11/2015 | 04/11/2015 | 31/10/2014 | Monograph ( Printed materials) |